LEADER 01372nam0 22003011i 450 001 UON00022268 005 20231205102024.49 100 $a20020107e19651915 |0itac50 ba 101 $aeng 102 $aUS 105 $a|||| 1|||| 200 1 $aChinese characters$etheir origin, etymology, history, classification and signification. A thorough study from Chinese documents$fBy L. Wieger$gtransl. into English by L. Davrout 205 $a2. ed 210 $aNew York$cParagon Book Reprint$d1965 215 $a820 p.$d23 cm 606 $aLingua cinese$xScrittura$xStoria$3UONC007760$2FI 620 $aUS$dNew York$3UONL000050 686 $aCIN II C$cCINA - LINGUISTICA - STUDI SPECIFICI$2A 700 1$aWieger$bLéon$3UONV008915$00 702 1$aDAVROUT$bL.$3UONV218379 712 $aParagon Book Reprint Corp.$3UONV247106$4650 790 1$aWIEGER, Leon $zWieger, Léon$3UONV021153 801 $aIT$bSOL$c20250516$gRICA 912 $aUON00022268 950 $aSIBA - SISTEMA BIBLIOTECARIO DI ATENEO$dSI CIN II C 098 $eSI SIN1510 7 098 950 $aSIBA - SISTEMA BIBLIOTECARIO DI ATENEO$dSI CIN II C 098 BIS $eSI EO 5413 7 098 BIS $sDeteriorato 996 $aChinese characters$91199809 997 $aUNIOR